O dievčatku, ktoré šlo hľadať rozprávku /

Hlavní autor: Jarunková, Klára, 1922-2005
Další autoři: Zacharová, Dana, 1947-
Jazyk: Slovenština
Vydáno: Bratislava : Mladé letá, 1984
Vydání: 1. vyd.
Edice: Klub mladých čitateľov. Prvá kniha
Fyzický popis: 36 s.
Knihy
Uloženo v:
LEADER 00833nam a2200241 a 4500
001 000450964
003 CZ BrMZK
005 20100525142218.0
007 ta
008 990305s1984 xo f slo d
040 |a BOA001  |b cze 
080 |a 885.4-93  |2 MRF 
100 1 |a Jarunková, Klára,  |d 1922-2005  |7 jn20000603206  |4 aut 
245 1 0 |a O dievčatku, ktoré šlo hľadať rozprávku /  |c Klára Jarunková ; ilustrovala Dana Zacharová 
250 |a 1. vyd. 
260 |a Bratislava :  |b Mladé letá,  |c 1984 
300 |a 36 s. 
490 1 |a Klub mladých čitateľov. Prvá kniha 
700 1 |a Zacharová, Dana,  |d 1947-  |7 jo2001100263  |4 ill 
830 0 |a Klub mladých čitateľov.  |p Prvá kniha 
910 |a BOA001  |b 2-0880.503 
990 |a BK 
996 7 |b 2619204506  |c 2-0880.503  |l MZK  |r Sklad / do 1 hodiny  |n 0  |w 000450964  |u 000010  |a 1  |e BOA001  |j MZK50  |s A